| 000 | 00356nam a22001337a 4500 | ||
|---|---|---|---|
| 008 | 230619b xxu||||| |||| 00| 0 eng d | ||
| 020 | _a0905435389 | ||
| 082 |
_a001.64 _bFRE |
||
| 100 | _cC.S French | ||
| 245 |
_aComputer Science _bAn Instructional Manual _c2nd Edition |
||
| 260 |
_aEastleigh _bDP Publication LTD _c1985 |
||
| 300 | _a773p | ||
| 942 |
_2ddc _cBK |
||
| 999 |
_c1227 _d1227 |
||